Normas Internacionales de Contabilidad Entendiendo las NIC/NIIF y NIIF-PYMES a travš de ejercicios prc̀ticos /

Detalles Bibliográficos
Autor principal: Garca̕ Montaǫ, Carlos Alberto
Otros Autores: Ortiz Carvajal, Luz Adriana
Formato: eBook
Lenguaje:español
Publicado: Bogot:̀ Ediciones de la U, 2015
Materias:
Acceso en línea:Acceso restringido

MARC

LEADER 00000nam a22000007a 4500
005 20181102001324.0
007 cr|||| ||||
008 181102s2015 co |||||s|||| 00||0 spa d
020 |a 978-958-762-388-8 
035 |a 22143 
040 |a vLex 
090 |c 8254  |d 8254 
100 1 |a Garca̕ Montaǫ, Carlos Alberto 
245 1 0 |a Normas Internacionales de Contabilidad  |h [Recurso electrn̤ico] :  |b Entendiendo las NIC/NIIF y NIIF-PYMES a travš de ejercicios prc̀ticos /  |c Carlos Alberto Garca̕ Montaǫ, Luz Adriana Ortiz Carvajal 
256 |a Servicio en ln̕ea 
260 |a Bogot:̀  |b Ediciones de la U,  |c 2015 
300 |a 1 recurso electrn̤ico 
506 1 |a Disponible solo en los productos indicados  |d vLex Global  |d vLex Global (Academic Edition, excluding Law Schools)  |d vLex Global (U.S. Academic Edition, Law Schools)  |d vLex Global (U.S. Academic Edition, excluding Law Schools)  |d vLex Global (Academic Edition, Law Schools) 
650 0 4 |a Economa̕ y negocios  |z Colombia 
650 0 4 |a Contabilidad  |z Colombia 
650 0 4 |a Banca y finanzas  |z Colombia 
700 1 |a Ortiz Carvajal, Luz Adriana 
740 0 |a vLex Libros (Servicio en ln̕ea) 
856 4 0 |u http://vlex.com/source/normas-internacionales-de-contabilidad-entendiendo-las-nic-niif-y-niif-pymes-a-traves-de-ejercicios-practicos-22143  |z Acceso restringido 
942 |c BOOK 
999 0 |a Economy and business 
999 0 |a Accounting 
999 0 |a Banking and finance